Writing your journal article in 12 weeks : (Record no. 31370)
[ view plain ]
| 000 -LEADER | |
|---|---|
| fixed length control field | 01018nam a22002897a 4500 |
| 001 - CONTROL NUMBER | |
| control field | 15426619 |
| 003 - CONTROL NUMBER IDENTIFIER | |
| control field | OSt |
| 005 - DATE AND TIME OF LATEST TRANSACTION | |
| control field | 20190131140212.0 |
| 008 - FIXED-LENGTH DATA ELEMENTS--GENERAL INFORMATION | |
| fixed length control field | 190131b ||||| |||| 00| 0 eng d |
| 020 ## - INTERNATIONAL STANDARD BOOK NUMBER | |
| International Standard Book Number | 9781412957014 (pbk.) |
| 020 ## - INTERNATIONAL STANDARD BOOK NUMBER | |
| International Standard Book Number | 141295701X (pbk.) |
| 035 ## - SYSTEM CONTROL NUMBER | |
| System control number | (OCoLC)ocn233937614 |
| 035 ## - SYSTEM CONTROL NUMBER | |
| System control number | (OCoLC)233937614 |
| 040 ## - CATALOGING SOURCE | |
| Original cataloging agency | MMU |
| Transcribing agency | MMU |
| Modifying agency | MMU |
| Language of cataloging | eng |
| 043 ## - GEOGRAPHIC AREA CODE | |
| Geographic area code | n-us--- |
| 050 00 - LIBRARY OF CONGRESS CALL NUMBER | |
| Classification number | Z471 |
| Item number | .B45 2009 |
| 082 00 - DEWEY DECIMAL CLASSIFICATION NUMBER | |
| Classification number | 070.50973 |
| Edition number | 22 |
| 100 1# - MAIN ENTRY--PERSONAL NAME | |
| Personal name | Belcher, Wendy Laura. |
| 245 10 - TITLE STATEMENT | |
| Title | Writing your journal article in 12 weeks : |
| Remainder of title | a guide to academic publishing success / |
| Statement of responsibility, etc. | Wendy Laura Belcher. |
| 246 3# - VARYING FORM OF TITLE | |
| Title proper/short title | Writing your journal article in twelve weeks |
| 260 ## - PUBLICATION, DISTRIBUTION, ETC. (IMPRINT) | |
| Place of publication, distribution, etc. | Thousand Oaks, Calif. : |
| Name of publisher, distributor, etc. | SAGE Publications, |
| Date of publication, distribution, etc. | c2009. |
| 300 ## - PHYSICAL DESCRIPTION | |
| Extent | xxi, 351 p. ; |
| Dimensions | 28 cm. |
| 504 ## - BIBLIOGRAPHY, ETC. NOTE | |
| Bibliography, etc | Includes bibliographical references (p. 321-340) and index. |
| 650 #0 - SUBJECT ADDED ENTRY--TOPICAL TERM | |
| Topical term or geographic name as entry element | Scholarly publishing |
| Geographic subdivision | United States. |
| 856 41 - ELECTRONIC LOCATION AND ACCESS | |
| Materials specified | Table of contents only |
| Uniform Resource Identifier | <a href="http://www.loc.gov/catdir/toc/ecip0827/2008037599.html">http://www.loc.gov/catdir/toc/ecip0827/2008037599.html</a> |
| 942 ## - ADDED ENTRY ELEMENTS (KOHA) | |
| Source of classification or shelving scheme | Library of Congress Classification |
| Koha item type | L |
| Withdrawn status | Lost status | Source of classification or shelving scheme | Damaged status | Not for loan | Home library | Current library | Date acquired | Source of acquisition | Cost, normal purchase price | Total Checkouts | Full call number | Barcode | Date last seen | Price effective from | Koha item type |
|---|---|---|---|---|---|---|---|---|---|---|---|---|---|---|---|
| Library of Congress Classification | Maasai Mara University Library -Main Campus | Maasai Mara University Library -Main Campus | 01/31/2019 | Donation-Rattansi Educational Trust | 12.00 | Z471 .B45 2009 | 17037239 | 01/31/2019 | 01/31/2019 | L |